000 01168nam a2200301 i 4500
003 DO-SdBNP
005 20231023153319.0
007 ta
008 231020b2023 dr ac||| |||| 00| 0 spa d
020 _a9789945242423
040 _aDO-SdBNP
_bspa
_cBNPHU
_erda
082 4 _222
100 _4Polanco Cruz, Eduver,
_eautor
245 1 0 _aCiencias de la naturaleza 3 :
_bdel Proyecto Activamente. primer ciclo educación secundaria /
_cEduver Polanco Cruz, Wander Cruz Rosario ; editora, Claudia Llibre ; corrección, Mirtha González Gutiérrez
264 _aSanto Domingo :
_bSantillana,
_c2023
300 _avolumen :
_bilustraciones, retratos ;
_c28 cm.
336 _2rdacontent
_atexto
_btxt
337 _2rdamedia
_asin mediación
_bn
338 _2rdacarrier
_avolumen
_bnc
490 _aProyecto activa mente
505 0 _av. 1 --
_tLibro del estudiante--
_gv.2--
_tGuía Didáctica--
_gv.3--
_tCuaderno de actividades y experimentos.
590 _aInventariado, 2023/BT
700 1 _aWander Cruz, Rosario
_929833
700 1 _aLlibre, Claudia,
_eeditora
700 1 _aGonzález Gutiérrez, Mirtha,
_ecorrección
_973778
910 _aBtavárez
942 _2ddc
_cLBS1
999 _c55230
_d55230